<?xml version="1.0" encoding="UTF-8"?>
<marc:record xmlns:marc="http://www.loc.gov/MARC21/slim">
   <marc:leader>00000nam a2200000 a 4500</marc:leader>
   <marc:datafield ind1="1" ind2=" " tag="100">
      <marc:subfield code="a">Holzinger, Michaela</marc:subfield>
      <marc:subfield code="4">aut</marc:subfield>
      <marc:subfield code="e">Verfasser/-in</marc:subfield>
   </marc:datafield>
   <marc:datafield ind1="0" ind2="0" tag="245">
      <marc:subfield code="a">Krampus Graus hilft Nikolaus</marc:subfield>
   </marc:datafield>
   <marc:datafield ind1=" " ind2="1" tag="264">
      <marc:subfield code="b">Breitschopf Medien Verlag</marc:subfield>
      <marc:subfield code="c">2021</marc:subfield>
   </marc:datafield>
   <marc:datafield ind1="1" ind2=" " tag="520">
      <marc:subfield code="a">In der stillen Weihnachtszeit schleppt Krampus Graus gar meilenweit den schweren Sack vom Nikolaus zu jedem Kind, in jedes Haus. Er macht die Arbeit brav und gut, doch Konrad, Kasimir und Knut findes das so gar nicht toll und fragen sich, was das denn soll.
(Quelle: Buchcover)</marc:subfield>
   </marc:datafield>
   <marc:datafield ind1=" " ind2=" " tag="020">
      <marc:subfield code="a">9783700445197</marc:subfield>
      <marc:subfield code="9">9783700445197</marc:subfield>
   </marc:datafield>
</marc:record>
